BIBLIOTECA

SENCICO

Arquitectura, forma, espacio y orden (Registro nro. 2245)

Detalles MARC
000 -LEADER
fixed length control field 00681nam a2200229Ia 4500
005 - DATE AND TIME OF LATEST TRANSACTION
control field 20251020182536.0
008 - FIXED-LENGTH DATA ELEMENTS--GENERAL INFORMATION
fixed length control field 200515s9999 xx 000 0 und d
082 ## - DEWEY DECIMAL CLASSIFICATION NUMBER
Classification number 72/Ch56/1985
100 ## - MAIN ENTRY--PERSONAL NAME
Personal name CHING, Francis D. K.
245 #0 - TITLE STATEMENT
Title Arquitectura, forma, espacio y orden
250 ## - EDITION STATEMENT
Edition statement 4a ed.
260 ## - PUBLICATION, DISTRIBUTION, ETC.
Place of publication, distribution, etc. México, D.F.
260 ## - PUBLICATION, DISTRIBUTION, ETC.
Date of publication, distribution, etc. 1985
500 ## - GENERAL NOTE
General note 1 ejemplar
520 ## - SUMMARY, ETC.
Summary, etc. Análisis morfológico de los elementos esenciales de la forma y del espacio, y de aquellos principios que, en nuestro medio ambiente edificado, controlan su organización
650 ## - SUBJECT ADDED ENTRY--TOPICAL TERM
Topical term or geographic name entry element ARQUITECTURA
650 ## - SUBJECT ADDED ENTRY--TOPICAL TERM
Topical term or geographic name entry element ESPACIO
650 ## - SUBJECT ADDED ENTRY--TOPICAL TERM
Topical term or geographic name entry element FORMA
650 ## - SUBJECT ADDED ENTRY--TOPICAL TERM
Topical term or geographic name entry element LIB
650 ## - SUBJECT ADDED ENTRY--TOPICAL TERM
Topical term or geographic name entry element PLANOS
942 ## - ADDED ENTRY ELEMENTS (KOHA)
Koha item type Libros
Existencias
Fecha de la última vez que lo usaron Pago total Signatura topográfica completa Código de barras Precio efectivo desde Tipo de documento Estado perdido Estado dañado No es para préstamo Retirado Ubicación permanente Ubicación actual Fecha de adquisición Nota pública Sistema de clasificación
15/05/2020   72/Ch56/1985 Bib-Lima15052245 15/05/2020 Libros         Biblioteca Central Lima Biblioteca Central Lima 15/05/2020    
27/06/2025   72/Ch56/1985 BibZpiur25060045 27/06/2025 Libros         Biblioteca Piura Biblioteca Piura 27/06/2025 Cuarta edición ampliada año 2015 Dewey Decimal Classification